Normal view MARC view
  • Batool, Sammana

Entry Personal Name

Number of records used in: 2

001 - CONTROL NUMBER

  • control field: 31664

003 - CONTROL NUMBER IDENTIFIER

  • control field: NUST

005 - DATE AND TIME OF LATEST TRANSACTION

  • control field: 20201016135228.0

008 - FIXED-LENGTH DATA ELEMENTS

  • fixed length control field: 201016|| aca||aabn | a|a d

040 ## - CATALOGING SOURCE

  • Original cataloging agency: NUST
  • Transcribing agency: NUST

100 ## - HEADING--PERSONAL NAME

  • Personal name: Batool, Sammana

670 ## - SOURCE DATA FOUND

  • Source citation: Work cat.: (NUST): Batool, Sammana, Improved Techniques for Frequency Limited Gramians based Model Order Reduction of 2D Systems /, 2017.
© 2023 Central Library, National University of Sciences and Technology. All Rights Reserved.